Quizzes
Events
Quiz Creation
Community
Videos
Private Events
Remove Ads
Sign In
Join for FREE
Feedback
Dark Mode
Quiz Categories
Sports
Geography
Music
Movies
Television
Just For Fun
Miscellaneous
History
Literature
Language
Science
Gaming
Entertainment
Religion
Holiday
For Kids
Quiz Lab
Recent
Popular Today
Quiz Kudos Today
Editor Picks
Curator Picks
Quizzes by...
Day
Popularity
Type
Ratings
Length
Year
Community
Subscriptions
Recent Discussions
Orange Saloon
Badges
Playlists
Quests
Create
Leaderboards
Showdown
Live 5
Trivia Bingo
Activity
Puzzle Library
Sporcle Events
Private Events
Virtual Trivia
Globe League
Become a Host
Pub Owners
SporcleCon
Opinionation
Our Games
Videos
Blog
Mobile Apps
Partnerships
Remove Ads and Go Orange
Feedback
Television
TV Characters
TV Show
Sitcom
Network
Friends
Reality Shows
Cast
South Park
Star Trek
The Simpsons
Doctor Who
Television
TV Characters
TV Show
Sitcom
Network
Friends
Reality Shows
Cast
South Park
Star Trek
The Simpsons
Doctor Who
Random Quiz
Search Sporcle
×
Curator Pick
Curator Pick
Television
Show
Type in answers that appear in a list
Type in answers that appear in a list
Classic
Best Score? Go Orange.
TV Shows by Synonyms Stats
Can you name the TV show by its synonym?
By
Dumbledore999
3m
20 Questions
617 Plays
617 Plays
617 Plays
Comments
Comments
Give Quiz Kudos
Give Quiz Kudos
-
- Ratings
hide this ad
Replay
Link that replays current quiz
Next Quiz
Link to next quiz in quiz playlist
You Got
0%
They Got
Avg Score
54%
Avg Friend Score
Upgrade to see
Score Distribution
Jump to the score distribution portion of the page
Score
0/20
Timer
03:00
0
Plays Today
Synonym
TV Show
% Correct
Shimmying with Celebrities
Dancing with the Stars
84%
Huge Sibling
Big Brother
82.7%
The Way I Chanced Upon Your Progenitor
How I Met Your Mother
80.7%
Large Boom Idea
Big Bang Theory
79.9%
Most Giant Failer
Biggest Loser
78%
Beautiful Tiny Fibbers
Pretty Little Liars
74.4%
The Strolling Extinct
The Walking Dead
69.5%
Littletown
Smallville
69.2%
Recent Lass
New Girl
62.6%
Gaiety
Glee
60.1%
Synonym
TV Show
% Correct
Single Wood Bump
One Tree Hill
60%
Vocalization
The Voice
47.3%
Newfangled Household
Modern Family
45.9%
Legitimate Plasma
True Blood
44.7%
Human of Curiosity
Person of Interest
42%
Icon of the United States
American Idol
41.2%
The Single Person
The Bachelor
33.5%
Unlawful Spirits
Criminal Minds
11.7%
Tit for Tat
Revenge
9.9%
Donjon
Castle
5.2%
Quiz Playlist
Details
Report
Send in Message
Add To Playlist
Classic:
Type in answers that appear in a list
Last Updated: Feb 16, 2017
Curator Pick in
Show
Quiz Scoreboard
CHALLENGE
Sign Up to Join the Scoreboard
Show All
Scores
Hide
Comments
May contain spoilers
Recently Published
Movies - When Are They Set?
by FPL_Elf
Movies
5m
Popular People in 1961
by mucciniale
History
6m
1-10 Letter E Words III
by El_Dandy
Language
2m
More to Explore
Quiz From the Vault
Featured Blog Post
Where Did the Easter Bunny Come From?
hide this ad
You Might Also Like...
Tags
Show Quiz
Synonym
Today's Top Quizzes in Television
Browse Television
hide this ad
Today's Top Quizzes in Show
Browse Show
Top Contributed Quizzes in Television
1
One Piece Logic Puzzle
2
Survivor Logic Puzzle: Heroes vs. Villains
3
Survivor Seasons
4
Survivor Season by Logo
5
Survivor Trivia
6
One Thing in Common: Television
7
Who Wants to Be a Millionaire?
8
Survivor Logic Puzzle: Winners at War
9
Ultimate Survivor Logic Puzzle
10
Phoebe Buffay Quotes
Explore More
Trending Topics
Marvel
Disney
Crossword
Kpop
NBA
Harry Potter
Anime
Soccer
Country
Song
The Office
Pokémon
Puzzle
WWE
NFL
hide this ad
More By:
Dumbledore999
Quiz
Plays
Rating
Category
Featured
Created
Best 'Of' Literature
81,928
4.44
Literature
Sep 1, 2013
Self-Centered Disney
65,984
4.41
Movies
Sep 28, 2014
Adjectives in Books
65,613
4.35
Literature
Mar 20, 2014
Fill in the Blank: 'The Office' Quotes
30,726
4.80
Television
Nov 14, 2018
Sources of Faulkner's Titles
9,280
4.73
Literature
Aug 16, 2016
Go to Creator's Profile
Score Distribution
Quiz Creator Spotlight
Dumbledore999
Follow
Send a Message
Quizzes Created
-
Created Quiz Play Count
-
More By This Creator
Popular Quizzes Today
1
Find the Countries of Europe - No Outlines Minefield
2
Find the US States - No Outlines Minefield
3
The Countries of the World
4
Popular People in 1961
5
US States
6
1-10 Letter E Words III
7
Find the US States
8
One Thing in Common: World Cities II
More Television Quizzes
The Office: Season 2 Episode 18: Daughter to Work Day
Quiz Lab
Trending Quizzes
Risky Map Clicking: Least Populous States A-Z
1-10 Letter F Words
Humor Books: The Subtitles
1-10 Letter G Words
One Thing in Common: United Kingdom
Recently Updated
Leaping Animals
pecheneg
Reality TV Shows (A-Z)
bhenderson79
Rickey Henderson's Hall of Fame Teammates
pecheneg
Champions League XIs: Arsenal
pecheneg
Quick Pick: Celebrities in WWE's Hall of Fame
aduchscher
A-Z Keypad Blitz II
pecheneg
Multiple Oscar Actors
pecheneg
Mystery Phrase Blitz: Oscar 'Best Actors'
pecheneg
F. Scott Fitzgerald Novels
LTH
Pick 3 Villains
ddd62291
Trending Topics
NBA
Disney
Marvel
Anime
Harry Potter
Crossword
Kpop
Country
Song
Soccer
NFL
The Office
Puzzle
Pokémon
WWE
Your Account Isn't Verified!
In order to create a playlist on Sporcle, you need to verify the email address you used during registration. Go to your
Sporcle Settings
to finish the process.
Report this User
Report this user for behavior that violates our
Community Guidelines
.
Details:
Send Report
Go to the Sporcle.com Mobile Site →
Comments